000 00615nam a2200205Ia 4500
005 20241216011449.0
008 190429s9999||||xx |||||||||||||| ||und||
082 _a630
_bB39
100 _aBERMUDEZ ALVARADO WILFREDO
245 0 _aDISEÑO DE DESARROLLO AGROPECUARIO EN LAS COMUNIDADES DEL VALLE DE CHAUPIHUARANGA
250 _a0
260 _aCERRO DE PASCO-PERU
_bUNDAC
_c1994
300 _a143 pag.
_c30 cm.
341 _h0
490 _v0
_a0
505 _aMARCO TEORICO-HIPOTESIS/METODOLOGIA-RESULTADOS
541 _aD
_bBERMUDEZ ALVARADO, WILFR
_d03-Aug-95
_oSoles
650 _aEconomía
942 _cTESIS
999 _c42596
_d42596